000 01797nam a2200229Ia 4500
003 Ost
005 20260507075111.0
008 260507s9999||||xx |||||||||||||| ||und||
020 _a4174119953
040 _cfsecg
041 _aara
082 _a330
100 _aيونس، بدري
_eمؤلف
245 0 _aالعولمة وقضايا الاقتصاد السياسي /
_c بدري يونس
260 _aبيروت:
_bدار الفرابي,
_c2000
300 _a172 صفحة؛
_c21 سم
520 _aترتكز هذه الدراسة على النظريات الإقتصادية التي قدر لها أن ترى النور في حيز التطبيق والتي يدور حولها النقاش الحالي بين الكتل العالمية في حين اننا نمر سراعا حول النظريات الأخرى وهي الفكر الإقتصادي كثيرة كثرة الذين تناولوا البحث الفي الحقل من حقول النشاط البشري [......] هي محاولة على ضوء القواعد البراغماتية لرسم ملامح النظام الإقتصادي الذي يلائم حق الإنسان في التمتع بمستوى اجتماعي محترم للتتنمية في جميع القطاعات الإنتاجية ، وتوزيع الثروة الوطنية بين كل الطبقات بحيث يتوفر جزء من فائض القيمة لزيادة التثمر وتجديد وسائل الإنتاج وتوزيع رقعة الرأسملة القومية . وعلم الإقتصاد إذا أحسن تطبيقه وتبني التقنيات الحديثة قاد على تحقيق ذلك.
653 _aاقتصاد سياسي
653 _aالنظريات الإقتصادية
653 _aعولمة
942 _cكتاب
999 _c42898
_d42898